Teachers' practices and perceptions of using song tin teaching listening to young learners : A case study at a foreign center in the Mekong Delta (M.A. Thesis of education. Program principles and Methods in English Language Education)

সংরক্ষণ করুন:
গ্রন্থ-পঞ্জীর বিবরন
প্রধান লেখক: Phan, Thi Thanh Tam
বিন্যাস: গ্রন্থ
ভাষা:Undetermined
প্রকাশিত: Cần Thơ Đại học Cần Thơ 2014
বিষয়গুলি:
ট্যাগগুলো: ট্যাগ যুক্ত করুন
কোনো ট্যাগ নেই, প্রথমজন হিসাবে ট্যাগ করুন!
Thư viện lưu trữ: Trung tâm Học liệu Trường Đại học Cần Thơ
LEADER 00845nam a2200205Ia 4500
001 CTU_197791
008 210402s9999 xx 000 0 und d
082 |a 428.24071 
082 |b T104 
088 |a 60140111 
100 |a Phan, Thi Thanh Tam 
245 0 |a Teachers' practices and perceptions of using song tin teaching listening to young learners : A case study at a foreign center in the Mekong Delta 
245 0 |b (M.A. Thesis of education. Program principles and Methods in English Language Education) 
245 0 |c Phan Thị Thanh tâm ; Trịnh Quốc Lập (cán bộ hướng dẫn) 
260 |a Cần Thơ 
260 |b Đại học Cần Thơ 
260 |c 2014 
650 |a Tiếng Anh,English 
650 |x Dạy và học,Study and teaching 
980 |a Trung tâm Học liệu Trường Đại học Cần Thơ